| 000 | 00525nam a2200193 a 4500 | ||
|---|---|---|---|
| 001 | 1771666395079 | ||
| 003 | YourLibrary | ||
| 005 | 20260221150457.0 | ||
| 008 | 260221s1999##################000#0#eng## | ||
| 020 | _a9780195119411 | ||
| 082 | 0 | 4 |
_a338.6048 _bOST |
| 100 | 1 |
_aOster, Sharon M., _eauthor. |
|
| 245 | 1 | 0 | _aModern Competitive Analysis : |
| 260 |
_bOxford University Press, USA, _c1999. |
||
| 300 | _a434 pages | ||
| 650 | 0 | _aBusiness & Economics. | |
| 942 | _cENGLISH | ||
| 040 |
_aYourLibrary _beng _cYourLibrary |
||
| 999 |
_c615375 _d615375 |
||